000
00346nam a2200169Ia 4500
100
_a
Kirpal Singh
650
_a
AUTOMOBILE
490
_v
1
942
_c
BK
366
_f
10
245
_a
Automobile Engineering vol.1
260
_b
Standard Publications
_c
2017
082
_a
629.2
_b
KIR
300
_a
770
546
_a
ENGLISH
999
_c
35006
_d
35006